000 00486cam a22001932a 4500
001 016216
003 AR-FADEU
008 311216n1966####xxu####################dd
092 _aA865.2
_bM288c
100 _aMansilla, Lucio Víctor
245 _aCharlas inéditas
260 _aBuenos Aires
260 _bEUDEBA
260 _c1966
300 _a107 p
440 _aDe siglo y medio
_n100
650 _aLITERATURA ARGENTINA-SIGLO XIX; CONVERSACIONES/REVISADO/
942 _cBDGR
999 _c21974
_d21974